000 00600nam a22001817a 4500
003 CEME
005 20210628203237.0
008 210302b xxu||||| |||| 00| 0 eng d
020 _a0-8031-1495-8
040 _c.
082 _a620.3 MTH
100 _aWolfenden, Alan, Kinra, Vikram K
_964230
245 _aM3d: mechanics and mechanisms of material damping, mechanics and mechanisms of material damping
260 _aUSA
_bASTM
_c1992
300 _a577P
650 _aDAMPING (MECHANICS)CONGRESSES, MATERIALS MECHANICAL PROPERTIES CONGRESS, INTERNAL FRICTION CONGRESSES
_964231
942 _cBK
_2ddc
999 _c572797
_d572797